Elementos de unión y herramientas: ensamblado de la chapa. Herramientas del taller. Soldadura. El taller
Uloženo v:
| Hlavní autor: | |
|---|---|
| Médium: | Kniha |
| Jazyk: | španělština |
| Vydáno: |
Barcelona
Ceac
2001
|
| Edice: | Biblioteca de Carrocería y Pintura
|
| Témata: | |
| Tagy: |
Přidat tag
Žádné tagy, Buďte první, kdo vytvoří štítek k tomuto záznamu!
|
MARC
| LEADER | 00000nam a2200000 a 4500 | ||
|---|---|---|---|
| 001 | UCL2163 | ||
| 003 | CL-VaPUC | ||
| 008 | 031010e20010000SP |||||||||||||||||spa|d | ||
| 020 | |a 8432910767 | ||
| 082 | 0 | 4 | |a 629.26 |b GIL |2 21 |
| 100 | |a Gil, Hermógenes |e author |9 501098 | ||
| 245 | 1 | 0 | |a Elementos de unión y herramientas: ensamblado de la chapa. Herramientas del taller. Soldadura. El taller |
| 300 | |a 205 p | ||
| 942 | |c BK | ||
| 945 | |d 20031010 00:00:00 |a cmena | ||
| 260 | |a Barcelona |b Ceac |c 2001 | ||
| 650 | 7 | |a CARROCERIAS |2 CL-VaPUC |9 479183 | |
| 650 | 7 | |a MECANICA AUTOMOTRIZ |2 CL-VaPUC |9 428677 | |
| 650 | 0 | |a Máquinas herramientas |9 262583 | |
| 583 | |a last modification |c 20031010 00:00:00 |k Rodrigo Vera | ||
| 490 | 0 | |a Biblioteca de Carrocería y Pintura | |
| 999 | |c 305522 |d 305520 | ||
| 952 | |0 0 |1 0 |4 0 |6 629_260000000000000_GIL_2001 |7 0 |8 A |9 369469 |a BIBMEC |b BIBMEC |d 2019-11-21 |i 3949893 |o 629.26 GIL 2001 |p 3949893 |r 2024-01-19 |w 2019-11-21 |y BK |k MEC | ||